[Event "Hillerod CC-chC"]
[Site "Hillerod"]
[Date "2020.10.27"]
[Round "6"]
[White "Andersen, Lene"]
[Black "Damm, Henrik"]
[Result "1-0"]
[WhiteElo "1118"]
[BlackElo "1510"]
[PlyCount "45"]
[EventDate "2020.09.15"]
[EventType "swiss"]
[EventRounds "7"]
[EventCountry "DEN"]
[SourceTitle "EXT 2024"]
[Source "ChessBase"]
[SourceDate "2023.10.10"]
[SourceVersion "1"]
[SourceVersionDate "2023.10.10"]
[SourceQuality "1"]

1. e4 c5 2. Nc3 Nc6 3. Nf3 g6 4. Bc4 e6 5. d3 Bg7 6. 0-0 Ne5 7. Bb3 a6 8. Be3 b6 9. d4 Nxf3+ 10. Qxf3 cxd4 11. Bd2 dxc3 12. bxc3 Bb7 13. Qe3 Bh6 14. Qd4 f6 15. Be1 Bf4 16. g3 Be5 17. Qc4 Rc8 18. Qb4 Bc6 19. f4 Bc7 20. f5 a5 21. Qd4 e5 22. Qc4 b5 23. Qf7# 1-0

[Event "Hillerod CC-chB"]
[Site "Hillerod"]
[Date "2018.01.09"]
[Round "2"]
[White "Bagge, Kenny"]
[Black "Damm, Henrik"]
[Result "1-0"]
[WhiteElo "1611"]
[BlackElo "1565"]
[PlyCount "47"]
[EventDate "2018.01.02"]
[EventType "tourn"]
[EventRounds "7"]
[EventCountry "DEN"]
[SourceTitle "EXT 2020"]
[Source "ChessBase"]
[SourceDate "2019.10.17"]
[SourceVersion "1"]
[SourceVersionDate "2019.10.17"]
[SourceQuality "1"]

1. e4 c5 2. Nf3 Nc6 3. d4 cxd4 4. Nxd4 g6 5. Nc3 a6 6. Be3 Bg7 7. f3 e6 8. Qd2 Nge7 9. 0-0-0 d5 10. exd5 exd5 11. h4 h5 12. Be2 Nxd4 13. Bxd4 Bh6 14. Be3 Bxe3 15. Qxe3 0-0 16. g4 Re8 17. Qg5 d4 18. Ne4 Nd5 19. Qh6 Nf6 20. gxh5 Bf5 21. hxg6 fxg6 22. Bc4+ Nd5 23. Bxd5+ Be6 24. Qxg6+ 1-0

[Event "Helsingor Xtracon op"]
[Site "Helsingor"]
[Date "2017.07.24"]
[Round "4"]
[White "Verboven, Arnout"]
[Black "Damm, Henrik"]
[Result "1/2-1/2"]
[WhiteElo "1739"]
[BlackElo "1506"]
[PlyCount "46"]
[EventDate "2017.07.22"]
[EventType "swiss"]
[EventRounds "10"]
[EventCountry "DEN"]
[SourceTitle "CBM 179 Extra"]
[Source "ChessBase"]
[SourceDate "2017.08.23"]
[SourceVersion "1"]
[SourceVersionDate "2017.08.23"]
[SourceQuality "1"]

1. e4 c5 2. Nf3 Nc6 3. d4 cxd4 4. Nxd4 g6 5. Bb5 Bg7 6. Bxc6 bxc6 7. c3 Nf6 8. f3 Ba6 9. Be3 Rb8 10. Qd2 0-0 11. Na3 c5 12. Nb3 d6 13. Rb1 Nd7 14. Kf2 f5 15. exf5 Rxf5 16. Rhe1 Kh8 17. Rbd1 Qc7 18. Bf4 Ne5 19. Nc1 Qb6 20. b3 Rbf8 21. Bxe5 Bxe5 22. Nc4 Bxc4 23. bxc4 Qb7 1/2-1/2